Institut kurde. études kurdes

Bibliographic Details
Format: Electronic Journal
Language:French
Published: Paris : Harmattan
Subjects:
Online Access:Full text available from Research Library: 10/01/2009 to 03/31/2012

MARC

LEADER 00000nas a2200000 i 4500
001 ssj0001077847
003 WaSeSS
005 20200512172242.0
006 m d
007 cr n
008 131216u20uuuuuufr a| p|s|||||| |0fre d
035 |a (WaSeSS)ssj0001077847 
040 |a WaSeSS  |b eng  |c WaSeSS  |d WaSeSS 
050 1 4 |a PK6908.45 
245 0 0 |a Institut kurde. études kurdes  |h [electronic resource]. 
260 |a Paris :  |b Harmattan 
310 |a Annual 
506 |a License restrictions may limit access. 
588 |a Description based on: Number 10 (October 2009); title from article pdf (ProQuest, viewed Dec. 16, 2013). 
588 |a Latest issue consulted: Number 11 (March 2012) (viewed Dec. 16, 2013). 
650 0 |a Kurdish literature  |v Periodicals. 
655 0 |a Electronic journals. 
776 0 8 |i Print version:  |t Institut kurde. études kurdes  |x 1626-7745 
856 4 0 |z Full text available from Research Library: 10/01/2009 to 03/31/2012  |u https://search.proquest.com/publication/1276340